000 00891nam a22002537a 4500
005 20170123162338.0
010 _aA-853772
020 _c25.00
_a8126002603
035 _aA-853772
037 _bCen Lib/Ret
040 _aDPL
_bUR
082 _a840.92
_bع ب ا
100 _aاختر بستوی
_9125323
245 _aقاضی موحمد عدیل عباسی /
_cاختر بستوی
246 _aQazi Mohamad Adeel Abbbasi /
_bby AKhatar Bastavi
260 _c1997
_bساہتیہ اکادمی
_aنیی دہلی
270 _bنیی دہلی
_aرویندرا بھوں ٣٥ فیروز شاہ مارگ
_e110001
300 _a96p.
_c21cm(Hb)
650 _aادب -- اردو
_9125324
650 _aاردو سوانے عمری
_9125325
650 _aUrdu literature
_9125326
650 _aUrdu biography
_9511
942 _2ddc
_cUR
_h840.92
_mع ب ا
999 _c108295
_d108295